000 00634nam a2200253Ia 4500
005 20250425162212.0
008 250425s9999 xx 000 0 und d
020 _a8423418561
041 _aspa
043 _asp
082 _a086.61
110 _aDEUSTO
245 0 _aHARAVARD BUSINESS REVIEW: LA TOMA DE DECISIONES
250 _a1A ED.
260 _aBARCELONA
260 _aEspaƱa
_bDEUSTO S.A
_c2005
300 _a221
500 _aCOLECCION HARVARD BUSINESS REVIEW ENCICLOPEDIA
650 _aNEGOCIOS
650 _aTOMA DE DECISIONES
700 _aIDOIA BENGOECHEA
_etraductor
942 _c01
010 _a56487
999 _c224435
_d224435